Atkins' Physical chemistry (Record no. 71879)
[ view plain ]
| 000 -LEADER | |
|---|---|
| fixed length control field | 00581 a2200241 4500 |
| 020 ## - INTERNATIONAL STANDARD BOOK NUMBER | |
| International Standard Book Number | 978019-9599592 |
| 041 ## - LANGUAGE CODE | |
| Language code of text/sound track or separate title | Eng |
| 082 ## - DEWEY DECIMAL CLASSIFICATION NUMBER | |
| Classification number | 541 |
| Item number | At52p |
| 100 ## - MAIN ENTRY--PERSONAL NAME | |
| Personal name | Atkins, Peter |
| 100 ## - MAIN ENTRY--PERSONAL NAME | |
| Personal name | Paula, Julio De |
| 245 ## - TITLE STATEMENT | |
| Title | Atkins' Physical chemistry |
| 250 ## - EDITION STATEMENT | |
| Edition statement | 9th |
| 260 ## - PUBLICATION, DISTRIBUTION, ETC. | |
| Place of publication, distribution, etc. | Oxford: |
| Name of publisher, distributor, etc. | Oxford University Press, |
| Date of publication, distribution, etc. | 2010 |
| 300 ## - PHYSICAL DESCRIPTION | |
| Extent | xxix, 972p. |
| Other physical details | illus. |
| 650 ## - SUBJECT ADDED ENTRY--TOPICAL TERM | |
| Topical term or geographic name entry element | Moleculars |
| 650 ## - SUBJECT ADDED ENTRY--TOPICAL TERM | |
| Topical term or geographic name entry element | Cells |
| 650 ## - SUBJECT ADDED ENTRY--TOPICAL TERM | |
| Topical term or geographic name entry element | Dynamics |
| 650 ## - SUBJECT ADDED ENTRY--TOPICAL TERM | |
| Topical term or geographic name entry element | Biochemistry |
| 650 ## - SUBJECT ADDED ENTRY--TOPICAL TERM | |
| Topical term or geographic name entry element | Quantum theory |
| 650 ## - SUBJECT ADDED ENTRY--TOPICAL TERM | |
| Topical term or geographic name entry element | Quantum mechaniques |
| 653 ## - INDEX TERM--UNCONTROLLED | |
| Uncontrolled term | Physical chemistry |
| 942 ## - ADDED ENTRY ELEMENTS (KOHA) | |
| Source of classification or shelving scheme | Dewey Decimal Classification |
| Koha item type | General Collections |
| Withdrawn status | Lost status | Source of classification or shelving scheme | Damaged status | Not for loan | Home library | Current library | Date acquired | Total Checkouts | Full call number | Barcode | Date last seen | Price effective from | Koha item type | Shelving location | Total Renewals | Date last checked out |
|---|---|---|---|---|---|---|---|---|---|---|---|---|---|---|---|---|
| Dewey Decimal Classification | Tribhuvan University Central Library | Tribhuvan University Central Library | 04/27/2014 | 541 At52p | 147830 | 04/27/2014 | 04/27/2014 | General Collections | ||||||||
| Dewey Decimal Classification | Tribhuvan University Central Library | Tribhuvan University Central Library | 04/27/2014 | 27 | 541 At52p | 147831 | 03/26/2025 | 04/27/2014 | General Collections | New Building | 26 | 03/11/2025 |
